LEADER 00755nam a2200193 i 4500 001 000000010682 003 CaOOAMICUS 005 20180830125440.0 008 180830s1953 it u000 u ita u 040 $aSeMil$bita 100 1 $aDe Robertis, Giuseppe,$d<1888-1963>.$0(OLS)http://semarc/name/1219 245 10$aStudi /$cGiuseppe De Robertis. 260 $aFirenze :$bLe Monnier,$c1953. 300 $av. ;$c21 cm. 650 4$aLetteratura italiana - Studi.$0(OLS)http://semarc/subject/1703 774 0 $aDe Robertis, Giuseppe <1888-1963>$t[Volume 1].$b2. edizione.$w()121125 774 0 $aDe Robertis, Giuseppe <1888-1963>$t2.$w()121126 996 $6245$aStudi$9(OLS)http://semarc/title/8721 996 $6260$aFirenze :$bLe Monnier$9(OLS)http://semarc/publisher/30060 LEADER 00709naa a2200145 i 4500 001 000000293386 003 CaOOAMICUS 005 20180831172445.0 008 180831n xx u000 u und u 013 $a589 040 $aSeMil$bita 100 1 $aTettamanzi, Dionigi,$c.$0(OLS)http://semarc/name/89456 245 13$aLa bioetica e la vita umana secondo la categoria del «dono». P. 279-290. 773 0 $tScienza ed etica alle soglie del Terzo Millennio.$dBologna : Società italiana di fisica, [1993]$kAtti di conferenze = Conference proceedings$z88-7794-051-4$w()41006 996 $6245$aLa bioetica e la vita umana secondo la categoria del «dono». P. 279-290.$9(OLS)http://semarc/title/369468